Ben 10,000 60 Alien + - Statistics

General Stats
  • This quiz has been taken 139 times
  • The average score is 34 of 66
Answer Stats
Hint Answer % Correct
An alien that looks like a constellation and has three voices in one therefore he is rarely used Alien X
93%
a big, orange dog with no eyes or tail. His teeth are very defined and stick out of his mouth. Wildmutt
86%
a humanoid alien that is approximately 12 feet tall, has well developed muscles, four-fingered arms and red skin. Four Arms
83%
a silicon-based life form that is about 7 feet in height. His body is composed of durable green crystals. Diamondhead
82%
A semi-armored velociraptor, has wheel-shaped feet and wears a helmet with a visor, XLR8
81%
a grey-skinned, frog-like, bipedal alien, only four inches tall with large green eyes with little minus sign shaped pupils. Grey Matter
80%
a magma-based alien whose body is made of magma and covered in rock. Heatblast
78%
a bug/insect body and 4 insect-like flat legs with 2 arms whose hands are human-style ones with a black coloration, and four eyes Stinkfly
78%
An alien with a black exterior with green stripes that resemble circuitry all over him. Upgrade
77%
A alien that can swim and walk, has a light on his head and can see in the dark Ripjaw
74%
A green skin, alien that has a large appetite Upchuck
72%
a humanoid, moth-like alien whose wings and antenna can fold up into a hooded robe, giving him the appearance of a phantom. Big Chill
70%
An alien that has a claw like hands and when his skin is removed reveals his true form Ghostfreak
70%
a hulking, broad-shouldered alien covered in natural, yellow armor plating on his back, shoulders and the backs of his arms. Cannonbolt
68%
a humanoid plant like alien that has an overall green and black colored body mostly with a flame-pattered head and root-like feet seemingly holding rocks Swampfire
67%
a tall humanoid creature with a large fin on the head which is black at the front and red at the bottom. He has blade-like outgrowths on his shoulders and spikes on his waist. Way Big
67%
A silcon based alien whose body is a living amplifier. has a square appendage resembling an MP3 player behind his back with a port on it and what looks like cassette tapes on his lower legs Echo Echo
65%
He has grey fur and a long flowing mane and large bushy tail, with three sharp claws on each hand. Can open his mouth wide to send a scream Blitzwolfer/Benwolf
63%
A alien that can multiply in the number of twos, and when one is hurt so is the others. Ditto
63%
He has a black and gold pharaoh's head-dress and is basically his name-sake alien Snare-oh/Benmummy
63%
An alien with five legs, four long fingers on his hands and flytrap-shaped flaps covering his head Wildvine
61%
a crab-like appearance. He has pincers for hands and four legs. He can open his skull plates at will to reveal his brain. Brainstorm
60%
a black and white color scheme similar to Buzzshock. Feedback has one green eye in the middle of his head. He has two antennae and a tail that feature plugs on their tips that allows him to draw energy to himself. Feedback
59%
a humanoid alien made of pure, red, radioactive energy contained in a heavy, oven-like suit that is capable of containing high levels of radiation and heat. NRG
59%
A humanoid alien that has an UFO Anti-Gravity Projector that allows him to be mobile in Earth's gravity and also projects his voice. Goop
58%
a red humanoid, manta-ray like alien with two black lightning bolt-like stripes coming down from his shoulders to his Jetray
58%
He is black with green electricity and green eyes. He has a white large lightning like line down the back Buzzshock
57%
a silicon based alien made of extremely durable crystal. His body is overall purple body color with several dark lines and spots. Chromastone
57%
He has greenish-grey skin, a black mullet hairstyle with brown at the end and sideburns and 2 tower-like conductor coils on his back. Frankenstrike/Benvicktor
56%
A 9 feet tall alien and resembles an orange and white bipedal feline with one claw coming out of each wrist and no tail. He is also muscular and has green eyes. Rath
56%
His face has mouth and a very large pair of bat-like ears. He has dark yellow skin with lighter yellow skin on his chest and feet, he can freeze, blast energry or shoot fire from his body Eye Guy
53%
A yellow-armored body and looks much like a robot. His head is similar to a Greek Corinthian helmet with two ears Armadrillo
52%
An alein which skin is made of copper with black stripes and a transparent piece of green circular glass, revealing gears inside of him. Clockwork
51%
an alien with four arms, four green eyes and two legs, three fingers on each hand and three toes on each foot, blue fur over a dark blue center and a tail Spidermonkey
51%
a green turtle-like alien with eight holes in his shell. He also has large, flipper-like arms and stumpy legs Terraspin
51%
a red mollusk-like alien. His eyes are green and his mouth does not move when he speaks.On his hands there are port holes, which he uses to shoot water. Water Hazard
50%
a blue iguana-like alien that can breathe freezing vapor, using it to freeze anything around him Articguana
47%
appearance looks similar to that of a gorilla made out of lego He has three main colors: red, blue and yellow, with black lines all over his body. Bloxx
45%
An alien crab-like claws for hands and his body is mainly black with yellow feet, hands, shoulders and chest that has a magnetically floating metal head which levitates in an arch between his shoulders, Lodestar
45%
An alient that is about an inch tall at full size. He has gray skin with a green circuit like design on it, has green wings and as well as one large, green cyclopean-eye Nanomech
43%
a cross between a pterodactyl and a glider. He has a beak like mouth. His wings are rather small and resemble a glider and are connected to a 'jet pack' like structure on his back. Astrodactyl
42%
a large, bulky reddish-brown alien with rocky skin, a giant mouth and a red planetary core at the center of his body. His feet are tan with 3 toes Gravattack
42%
a cat feline-like alien with a black suit-like color scheme. His hands, legs, part of his head and chest are colored blue. Fasttrack
41%
a green, bulbous alien. He resembles a puffer fish. He has 3 spikes sticking out the top and bottom of his head. Spitter
41%
a yellow fat and somewhat "plump" blob-like alien withelephant-like feet with 3 toes and bear-like hands with 3 claws. He also has wart type bumps on his forehead and both arms. The Worst
41%
a praying mantis-like alien with significantly large hind limbs. He has the same green color scheme as Stinkfly. He has a large green horn and wears green overalls with black stripes all over. Crashhopper
40%
An alien that gives fear to all who look upon his face,with a dark green metal cage helmet on his head. Connected to this cage is his armor, which wraps around his shoulders and goes halfway down his chest. The armor is connected to his pants by chains. Toepick
40%
a humanoid-shark alien. He is dark blueish almost purplish and light blue in color. He has a long fin on the top of his head, has similiar abilities to Upchuck Eatle
39%
An Alien mentioned in the Future that Ben had Atomix
38%
a small, red, devil-like alien who also bares a close resemblance to a Gremlin/imp. Jury Rigg
38%
resembles a combination of a chicken and a eagle. He has sharp claws on his toes and talons on his hands, as well as two larger talons protruding from his arms. Kickin Hawk
38%
a small, blue fish-like alien, roughly the same height as Upchuck. The has stubby fins for arms, a shark-like dorsal fin, and a pair of thin, spindly legs jutting from his underside. Walkatrout
38%
A humanoid frog-like alien with 3-fingered hands and 2-toed feet. His relatives drive on war Bullfrag
36%
An alien that is about 12 feet tall and can grow bigger at will, up to about 60 feet. When he grows, his dinosaur features become more pronounced, growing Stegosaur-like plates on his back, a crest on his forehead and spikes on his tail Humungousaur
36%
the appearance of a thick, muscular alien. He has white, gray, and blue fur, along with a reddish-pink face, and pointed eyebrows. Shocksquatch
36%
a blue jellyfish-like alien with six long tentacles that function as two pairs of arms and a pair of legs.white stripes on his body, resembling lightning streaks. AmpFibian
35%
a small bug-like alien. He is yellow in color with black eyes and green pupils. He has four stick legs and a beak along with an antenna. Ball Weevil
35%
s a rodentoid alien with a green and black jumpsuit in which his ears stick out and also has a pair of white gloves. He has a big blonde mustache and beaver-like teeth. Molestache
34%
a short, fairy-like alien with blue skin. He has purple fairy-like wings and blue hair that sticks straight up.wears a green dress-like outfit with black zigzags. Pesky Dust
34%
a slim bodied that resembles a large purple lizard with darker purple camo-esque spots all over his body and a short tail. ChamAlien
33%
A humanoid alien with an outfit of a black bodysuit, over which he wears a long dark coat. He also has black gauntlets with purple highlights on them Eon
30%
A humanoid beings of life energy, Their body is a deep-dark purple color and long flowing tendrils of 'hair' are a bright pinkish purple glowing color. Anodite
24%
An humaoid alien that has the ability to absorb matter and energy from nearly anything and use it in various ways they can think of. Osmosian
22%
An alien mentioned in the future that Ben that had a grainy appearance Sandbox
15%
A repitilian alien that Ben had in the future Snakepit
14%
A repitilian alien that Ben had in the future that was slow Shellhead
11%
No matching quizzes found
Score Distribution
Percent of People with Each Score
Percentile by Number Answered
Your Score History
You have not taken this quiz